|
|
|
|
| LEADER |
00000naa2a2200000 4500 |
| 001 |
208695 |
| 005 |
20231031191506.0 |
| 035 |
|
|
|a (RuTPU)RU\TPU\book\227931
|
| 035 |
|
|
|a RU\TPU\book\227929
|
| 090 |
|
|
|a 208695
|
| 100 |
|
|
|a 20120206d1978 k y0rusy50 ca
|
| 101 |
0 |
|
|a rus
|
| 102 |
|
|
|a RU
|
| 200 |
1 |
|
|a Образцовый измеритель мощности излучения оптических квантовых генераторов ИМО-2-2
|f Ю. А. Калинин, Е. И. Курамин
|
| 225 |
1 |
|
|a Калориметрические и другие термоэлектрические методы и приборы для измерения импульсного излучения
|
| 320 |
|
|
|a Библиогр.: с. 48 (3 назв.)
|
| 461 |
|
0 |
|0 (RuTPU)RU\TPU\book\226521
|t Импульсная фотометрия
|o [сборник статей]
|f Государственный оптический институт им. С. И. Вавилова ; под ред. А. А. Волькенштейна
|d 1969-1986
|
| 463 |
|
0 |
|0 (RuTPU)RU\TPU\book\227773
|t Вып. 5
|v С. 44-48
|d 1978
|p 264 с.
|
| 700 |
|
1 |
|a Калинин
|b Ю. А.
|
| 701 |
|
1 |
|a Курамин
|b Е. И.
|
| 801 |
|
1 |
|a RU
|b 63413507
|c 20120206
|
| 801 |
|
2 |
|a RU
|b 63413507
|c 20120206
|g RCR
|
| 942 |
|
|
|c BK
|